000 00246nam a2200097Ia 4500
001 714014
005 20250826162857.0
008 250824s9999 xx 000 0 und d
245 0 _aROL ÇALAN CESET
_cCELİL OKER
260 _bALTIN KİTAPLAR YAYINLARI
999 _c714014
_d714014